600 modern business letters in English & Bahasa Malaysia
| Main Author: | |
|---|---|
| Format: | Book |
| Published: |
Selangor :
Minerva Pub. (NS) Sdn Bhd ,
2011
|
| Subjects: |
MARC
| LEADER | 00000cam a2200000 7i4500 | ||
|---|---|---|---|
| 001 | 0000034845 | ||
| 005 | 20121015.0 | ||
| 008 | 121015 | ||
| 020 | |a 9836803300 | ||
| 090 | 0 | 0 | |a 651.75 |b YOO |
| 100 | 1 | |a Yoong Kai Seng | |
| 245 | 1 | 0 | |a 600 modern business letters in English & Bahasa Malaysia |c Yoong Kai Seng |
| 260 | |a Selangor : |b Minerva Pub. (NS) Sdn Bhd , |c 2011 | ||
| 650 | 0 | |a Business writing | |
| 650 | 0 | |a Commercial correspondence | |
| 650 | 0 | |a Letter writing | |
| 999 | |a 0001158982 |b Book |c Adult Collection |e Perbadanan Perpustakaan Awam Johor | ||